Me robaron el futuro : (Record no. 197838)

MARC details
000 -LEADER
campo de control de longitud fija 01178nam a22003134a 4500
001 - NÚMERO DE CONTROL
campo de control 197838
003 - IDENTIFICADOR DE NÚMERO DE CONTROL
campo de control ES-MaACL
005 - FECHA Y HORA DE LA ÚLTIMA TRANSACCIÓN
campo de control 20251025063031.0
008 - DATOS DE LONGITUD FIJA--INFORMACIÓN GENERAL
campo de control de longitud fija 250924s2025 sp ||||| |||| 001 0 spa d
020 ## - NÚMERO INTERNACIONAL ESTÁNDAR DEL LIBRO
Número Internacional Estándar del Libro 979-05-68790-34-5
040 ## - FUENTE DE CATALOGACIÓN
Centro catalogador/agencia de origen ES-MaACL
Lengua de catalogación spa
Centro/agencia transcriptor ES-MaACL
Normas de descripción rda
080 ## - NÚMERO DE LA CLASIFICACIÓN DECIMAL UNIVERSAL
Número de la Clasificación Decimal Universal 821.134.2-31"19"
100 ## - ENTRADA PRINCIPAL--NOMBRE DE PERSONA
Nombre de persona Ramos, César
9 (RLIN) 242283
245 10 - MENCIÓN DEL TÍTULO
Título Me robaron el futuro :
Resto del título manual para sobrevivir en un mundo dominado por la inteligencia artificial /
Mención de responsabilidad, etc. César Ramos
264 #1 - PRODUCCIÓN, PUBLICACIÓN, DISTRIBUCIÓN, FABRICACIÓN Y COPYRIGHT
Producción, publicación, distribución, fabricación y copyright Sevilla :
Nombre del de productor, editor, distribuidor, fabricante Punto Rojo Libros,
Fecha de producción, publicación, distribución, fabricación o copyright [2025]
264 #4 - PRODUCCIÓN, PUBLICACIÓN, DISTRIBUCIÓN, FABRICACIÓN Y COPYRIGHT
Producción, publicación, distribución, fabricación y copyright ©2025
300 ## - DESCRIPCIÓN FÍSICA
Extensión 114 páginas ;
Dimensiones 21 cm
336 ## - TIPO DE CONTENIDO
Fuente rdacontent
Término de tipo de contenido texto
337 ## - TIPO DE MEDIO
Fuente rdamedia
Nombre/término del tipo de medio sin mediación
338 ## - TIPO DE SOPORTE
Fuente rdacarrier
Nombre/término del tipo de soporte volumen
500 ## - NOTA GENERAL
Nota general Índice
500 ## - NOTA GENERAL
Nota general Ejemplar dedicado y firmado por el autor
655 #0 - TERMINO DE INDIZACIÓN--GENERO/FORMA
9 (RLIN) 235537
Datos o término principal de género/forma Novelas distópicas
852 ## - LOCALIZACIÓN
Ubicación ES-MaACL
Ubicación en estantería Depósito 1
Número de control de estantería A-15811
Anotaciones manuscritas Dedicatoria autógrafa del autor
Donativo/Legado Donación: César Ramos
Encuadernación Encuadernación rústica
itemnumber 206850
942 ## - ELEMENTOS DE ENTRADA SECUNDARIOS (KOHA)
Tipo de ítem Koha Libro impreso
Suprimir en OPAC No
Holdings
Estatus retirado Estado de pérdida Fuente del sistema de clasificación o colocación Estado de daño No para préstamo Biblioteca de origen Biblioteca actual Ubicación en estantería Fecha de adquisición Fuente de adquisición Total de préstamos Signatura topográfica completa Código de barras Visto por última vez Precio de reemplazo Tipo de ítem Koha
    Clasificación decimal universal     Biblioteca del Ateneo de Madrid Biblioteca del Ateneo de Madrid Depósito 1 24/09/2025 Donación   A-15811 2025-1210 23/10/2025 23/10/2025 Libro impreso